| 000 | 00807nac a22002411i 4500 | ||
|---|---|---|---|
| 003 | EG-ScBUE | ||
| 005 | 20230622112321.0 | ||
| 008 | 230622s1965 enk f 000 0 eng d | ||
| 040 |
_aEG-ScBUE _beng _erda _cEG-ScBUE _dEG-ScBUE |
||
| 082 | 0 | 4 |
_a909 _bLAU _222 |
| 100 | 1 |
_aLaunay, Jacques de, _eauthor. |
|
| 245 | 1 | 0 |
_aMajor controversies on contemporary history / _cby Jacques de Launay ; translated by J. J. Buckingham. |
| 250 | _aFirst edition. | ||
| 264 | 1 |
_aOxford ; _aNew York : _bPergamon Press, _c1965. |
|
| 300 |
_axii, 331 pages ; _c23 cm |
||
| 336 |
_2rdacontent _atext _btxt |
||
| 337 |
_2rdamedia _aunmediated _bn |
||
| 338 |
_2rdacarrier _avolume _bnc |
||
| 650 | 7 |
_aHistory, Modern _y20th century. _2BUEsh |
|
| 655 | _vReading book | ||
| 942 |
_cBB _2ddc |
||
| 999 |
_c1767 _d1767 |
||